[Event "Eurasia Cup op"]
[Site "Ekaterinburg"]
[Date "2019.07.31"]
[Round "1"]
[White "Yadigarov, Aivaz"]
[Black "Radzhabov, Rodion"]
[Result "0-1"]
[WhiteElo "1938"]
[BlackElo "2404"]
[PlyCount "80"]
[EventDate "2019.07.31"]
[EventType "swiss"]
[EventRounds "9"]
[EventCountry "RUS"]
[SourceTitle "CBM 191 Extra"]
[Source "ChessBase"]
[SourceDate "2019.09.30"]
[SourceVersion "1"]
[SourceVersionDate "2019.09.30"]
[SourceQuality "1"]

1. d4 Nf6 2. Nf3 e6 3. Bf4 c5 4. e3 Be7 5. Be2 0-0 6. 0-0 b6 7. c4 Bb7 8. Nc3 d6 9. h3 a6 10. Qc2 Nbd7 11. Rfd1 cxd4 12. exd4 Rc8 13. b4 Bxf3 14. gxf3 Re8 15. Bh2 Bf8 16. Qa4 b5 17. Qxa6 bxc4 18. Bxd6 Nd5 19. Ne4 Nb8 20. Bxb8 Rxb8 21. a3 c3 22. Bf1 f5 23. Nc5 Qg5+ 24. Kh1 Nf4 25. Nd3 c2 26. Re1 Rbc8 27. Rac1 Qh6 28. Kh2 Red8 29. Ne5 Qh4 30. Kg1 Rc3 31. Re3 Qg5+ 32. Kh2 Rc7 33. Qb6 Bd6 34. Qa5 Nd5 35. Ree1 Qf4+ 36. Kg1 Qxd4 37. Nc6 Qf4 38. Bg2 Rdc8 39. b5 Qh2+ 40. Kf1 Nf4 0-1

[Event "Nezhmetdinov Memorial 40th"]
[Site "Kazan"]
[Date "2018.09.13"]
[Round "1"]
[White "Yeletsky, Ivan"]
[Black "Yadigarov, Aivaz"]
[Result "1-0"]
[WhiteElo "2388"]
[BlackElo "1789"]
[PlyCount "91"]
[EventDate "2018.09.13"]
[EventType "swiss"]
[EventRounds "9"]
[EventCountry "RUS"]
[SourceTitle "CBM 186 Extra"]
[Source "ChessBase"]
[SourceDate "2018.08.24"]
[SourceVersion "1"]
[SourceVersionDate "2018.08.24"]
[SourceQuality "1"]

1. c4 Nf6 2. Nf3 g6 3. g3 Bg7 4. Bg2 0-0 5. d4 d6 6. 0-0 c5 7. Nc3 Nc6 8. d5 Na5 9. Nd2 a6 10. Qc2 Bd7 11. b3 b5 12. Rb1 Qc7 13. h3 Rab8 14. e4 e6 15. Bb2 e5 16. Ne2 Nh5 17. g4 Nf4 18. Nxf4 exf4 19. Bxg7 Kxg7 20. Qc3+ f6 21. g5 b4 22. Qb2 Qd8 23. Rfe1 Nb7 24. Nf3 Re8 25. Re2 h6 26. gxf6+ Qxf6 27. Qxf6+ Kxf6 28. Rbe1 Kg7 29. e5 dxe5 30. Nxe5 Bf5 31. Kf1 Rbc8 32. h4 Nd6 33. Bf3 h5 34. Kg2 Re7 35. Nd3 Rxe2 36. Bxe2 Be4+ 37. Kh2 Bxd3 38. Bxd3 Re8 39. Rxe8 Nxe8 40. Kg2 Kf6 41. Kf3 g5 42. hxg5+ Kxg5 43. Ke4 h4 44. Ke5 f3 45. Bf5 Nf6 46. d6 1-0

[Event "Nezhmetdinov Memorial 37th"]
[Site "Kazan"]
[Date "2015.06.05"]
[Round "6"]
[White "Yadigarov, Aivaz"]
[Black "Belova, Olga"]
[Result "0-1"]
[WhiteElo "1351"]
[BlackElo "1993"]
[PlyCount "84"]
[EventDate "2015.05.31"]
[EventType "swiss"]
[EventRounds "9"]
[EventCountry "RUS"]
[SourceTitle "CBM 166 Extra"]
[Source "ChessBase"]
[SourceDate "2015.06.18"]
[SourceVersion "1"]
[SourceVersionDate "2015.06.18"]
[SourceQuality "1"]

1. d4 Nf6 2. c4 e6 3. Nf3 Bb4+ 4. Nbd2 Nc6 5. a3 Bxd2+ 6. Qxd2 a5 7. b3 d6 8. g3 Qe7 9. Bg2 0-0 10. 0-0 e5 11. dxe5 dxe5 12. Bb2 Bg4 13. h3 Bh5 14. g4 Bg6 15. Qe3 Nd7 16. Rad1 f5 17. gxf5 Bxf5 18. Kh1 Rae8 19. Qg5 Bc2 20. Qxe7 Rxe7 21. Rc1 Be4 22. Ng5 Bxg2+ 23. Kxg2 Nc5 24. Rc3 Nd4 25. b4 Na4 26. e3 axb4 27. Rcc1 Nxb2 28. exd4 Nd3 29. Rcd1 Nf4+ 30. Kh2 bxa3 31. dxe5 Rxe5 32. Nf3 Rc5 33. Ra1 Rxc4 34. Rxa3 b5 35. Ne5 Rc2 36. Rb3 c6 37. Ng4 Nd5 38. Kg2 b4 39. Ne5 c5 40. Nd7 Rd8 41. Ne5 c4 42. Rbb1 Ne3+ 0-1

[Event "Nezhmetdinov Memorial 37th"]
[Site "Kazan"]
[Date "2015.06.02"]
[Round "3"]
[White "Yadigarov, Aivaz"]
[Black "Gaifullin, Artur"]
[Result "0-1"]
[WhiteElo "1351"]
[BlackElo "2186"]
[PlyCount "110"]
[EventDate "2015.05.31"]
[EventType "swiss"]
[EventRounds "9"]
[EventCountry "RUS"]
[SourceTitle "CBM 166 Extra"]
[Source "ChessBase"]
[SourceDate "2015.06.18"]
[SourceVersion "1"]
[SourceVersionDate "2015.06.18"]
[SourceQuality "1"]

1. e4 e5 2. Nf3 Nc6 3. Bc4 Bc5 4. c3 Nf6 5. d4 exd4 6. cxd4 Bb4+ 7. Bd2 Bxd2+ 8. Nbxd2 Nxe4 9. Nxe4 d5 10. Bxd5 Qxd5 11. Nc3 Qe6+ 12. Qe2 Qxe2+ 13. Nxe2 0-0 14. 0-0 Bg4 15. d5 Ne7 16. Nc3 Bxf3 17. gxf3 Rfd8 18. Rad1 Rd7 19. Rd2 Rad8 20. Rfd1 Kf8 21. Nb5 c6 22. Nxa7 Rxd5 23. Rxd5 Nxd5 24. b4 Ra8 25. Nb5 Nxb4 26. Nd6 Rd8 27. a3 Nc2 28. Rc1 Rxd6 29. Rxc2 Rd3 30. a4 Rxf3 31. Rb2 Ra3 32. Rxb7 Rxa4 33. Rb8+ Ke7 34. Rb7+ Kf6 35. Rb6 Rc4 36. Kf1 Kg5 37. Rb7 Kg6 38. Rb6 f6 39. Ke2 c5 40. Rc6 Re4+ 41. Kf3 Re5 42. Kg4 h5+ 43. Kg3 Kf5 44. f4 Re3+ 45. Kf2 Rc3 46. Rc7 g6 47. Rc6 h4 48. Kg2 h3+ 49. Kf2 c4 50. Kg1 Kg4 51. Kf2 Kf5 52. Kf1 Rc2 53. Kg1 Kg4 54. Re6 Kf3 55. Re1 Kxf4 0-1